| 000 | 01319nam a2200349 a 4500 | ||
|---|---|---|---|
| 001 | 1627277 | ||
| 003 | ARRUPE | ||
| 005 | 20140204145257.0 | ||
| 008 | 950222s1995 oncab b 001 0 eng d | ||
| 010 | _a 95202004 | ||
| 015 | _aC95-900269-3 | ||
| 020 |
_a0776604023 (alk. paper) : _c$26.00 |
||
| 035 | _a(OCoLC)32387052 | ||
| 040 |
_aCaOONL _beng _cCaOONL _dDLC |
||
| 042 | _alccopycat | ||
| 043 | _an-cn--- | ||
| 050 | 0 | 0 |
_aBX3821.Z5 _bC46 1995 |
| 055 | 0 | 2 | _aBX3821* |
| 082 | 0 | 0 |
_a266/.2712 _220 |
| 100 | 1 |
_aChoquette, Robert, _d1938- _97860 |
|
| 245 | 1 | 4 |
_aThe Oblate assault on Canada's northwest / _cRobert Choquette. |
| 260 |
_aOttawa : _bUniversity of Ottawa Press, _cc1995. |
||
| 300 |
_avii, 258 p. : _bill., maps ; _c23 cm. |
||
| 440 | 0 |
_aReligions and beliefs series ; _vno. 3 _97861 |
|
| 504 | _aIncludes bibliographical references (p. [239]-253) and index. | ||
| 610 | 2 | 0 |
_aOblates of Mary Immaculate _xHistory _y19th century. _97862 |
| 610 | 2 | 0 |
_aCatholic Church _xMissions _zNorthwest, Canadian _xHistory _y19th century. _97863 |
| 650 | 0 |
_aMissions _zNorthwest, Canadian _xHistory _y19th century. _97864 |
|
| 906 |
_a7 _bcbc _ccopycat _d3 _encip _f19 _gy-gencatlg |
||
| 942 |
_2lcc _cMONOGRAPH |
||
| 999 |
_c119918 _d119918 |
||